| 000 | 00334cam a22001217a 4500 | ||
|---|---|---|---|
| 008 | 180718b1948 xxu||||| |||| 00| 0 eng d | ||
| 082 | _aB7x42 Si55 | ||
| 100 | _aSimon, R. | ||
| 245 |
_aLocal councils and the citizen _cby R. Simon |
||
| 260 |
_aLondon _bStevens _c1948 |
||
| 300 | _aix, 197 | ||
| 650 | _aLocal government --Great Britain. | ||
| 999 |
_c422332 _d422332 |
||